Reported hyperphagia in foster children (Record no. 76132)

MARC details
000 -CABECERA
campo de control de longitud fija 00544nam a2200193 a 4500
005 - FECHA Y HORA DE LA ÚLTIMA TRANSACCIÓN
campo de control 20210219153415.0
008 - ELEMENTOS DE LONGITUD FIJA--INFORMACIÓN GENERAL
campo de control de longitud fija 991125n 000 0 eng u
035 ## - NÚMERO DE CONTROL DEL SISTEMA
Número de control de sistema UPN01000097340
100 ## - ASIENTO PRINCIPAL--NOMBRE PERSONAL
Nombre de persona Demb, Janet M.
222 ## - TÍTULO CLAVE
Título clave CHILD ABUSE AND NEGLECT :
Información calificativa THE INTERNATIONAL JOURNAL
245 ## - MENCIÓN DE TÍTULO
Título Reported hyperphagia in foster children
300 ## - DESCRIPCIÓN FÍSICA
Extensión 77-88
362 ## - FECHAS DE PUBLICACIÓN Y/O DESIGNACIÓN SECUENCIAL
Fecha de publicación y/o designación secuencial 1991 15, no. 1-2
653 0# - TERMINO DE INDIZACION - NO CONTROLADO
Término no controlado HABITOS DE ALIMENTACION
653 0# - TERMINO DE INDIZACION - NO CONTROLADO
Término no controlado PSICOPATOLOGIA
653 0# - TERMINO DE INDIZACION - NO CONTROLADO
Término no controlado TRASTORNOS DE LA CONDUCTA
904 ## - ELEMENTOS DE DATOS D LOCAL, LDD (RLIN)
a AC
b 035151
905 ## - TIPO DE MATERIAL
Tipo de material Articulo

No items available.